[Event "2011-Erandio"]
[Site "Erandio"]
[Date "2011.12.20"]
[Round "5.5"]
[White "Limeres Guiance, Cristobal"]
[Black "Alvarez Dominguez, Fco  Javier"]
[Result "1-0"]
[WhiteElo "2225"]
[BlackElo "1914"]
[PlyCount "49"]
[EventDate "2011.12.17"]

1. d4 Nf6 2. c4 g6 3. Nc3 Bg7 4. e4 d6 5. Nge2 O-O 6. Ng3 e5 7. d5 a5 8. Be2
Na6 9. O-O Bd7 10. Be3 Qc8 11. f3 h5 12. Nh1 Nc5 13. Nf2 h4 14. Bg5 Nh5 15.
Bxh4 Nf4 16. Qc2 Bh6 17. Ng4 Bxg4 18. fxg4 c6 19. Be7 Ncd3 20. Bxf8 Nxe2+ 21.
Qxe2 Nf4 22. Rxf4 Bxf4 23. Bxd6 Qd8 24. Bc5 Kg7 25. g3 1-0

[Event "2011-Erandio"]
[Site "Erandio"]
[Date "2011.12.20"]
[Round "5.6"]
[White "Arias Garcia, Luis Javier"]
[Black "Acedo Alonso, Javier"]
[Result "1-0"]
[WhiteElo "2167"]
[BlackElo "1806"]
[PlyCount "129"]
[EventDate "2011.12.17"]

1. c4 c6 2. d4 d5 3. Nf3 Nf6 4. Qc2 e6 5. g3 Bd6 6. Bg2 O-O 7. O-O Nbd7 8. Nbd2
Re8 9. b3 e5 10. cxd5 cxd5 11. dxe5 Nxe5 12. Bb2 Bd7 13. Nd4 Rc8 14. Qb1 Qe7
15. a3 Rc7 16. Nf5 Bxf5 17. Qxf5 Qe6 18. Qb1 Ned7 19. e3 Be5 20. Nf3 Bxb2 21.
Qxb2 Rec8 22. Rad1 h6 23. b4 Rc2 24. Qb3 R2c3 25. Qb2 Qa6 26. Ra1 Qa4 27. Nd4
Ne5 28. Nf5 Kf8 29. Rac1 Qc6 30. Rcd1 b5 31. Nd4 Qc4 32. Bh3 Rc7 33. Qa1 Nd3
34. a4 bxa4 35. Qxa4 Nb2 36. Qa5 Nxd1 37. Rxd1 a6 38. Kg2 Rc1 39. Rxc1 Qxc1 40.
Qxa6 Kg8 41. Bf5 Re7 42. Bd3 Qc7 43. b5 Qb7 44. Qa5 Rc7 45. b6 Re7 46. Ba6 Qd7
47. b7 Re8 48. Qb6 Qe7 49. b8=Q Qe4+ 50. Kg1 Rxb8 51. Qxb8+ Kh7 52. Qf4 Qe7 53.
Bd3+ g6 54. Nf3 Kg7 55. Qe5 Qa3 56. Qd4 Qd6 57. Kg2 Qe7 58. Ne5 h5 59. h3 Kh6
60. g4 hxg4 61. Nxg4+ Nxg4 62. hxg4 f5 63. Qxd5 fxg4 64. Qe4 Qg5 65. Kg3 1-0

[Event "2011-Erandio"]
[Site "Erandio"]
[Date "2011.12.20"]
[Round "5.7"]
[White "Torres Garcia, Koldo"]
[Black "Llano Olabarrieta, Joseba"]
[Result "1-0"]
[WhiteElo "2024"]
[BlackElo "1708"]
[PlyCount "79"]
[EventDate "2011.12.17"]

1. e4 c5 2. Nc3 e6 3. Nf3 Nc6 4. Bb5 d6 5. Bxc6+ bxc6 6. O-O e5 7. d3 Be7 8. h3
Be6 9. Nh2 Nf6 10. f4 exf4 11. Bxf4 O-O 12. Qe2 Nd7 13. Nf3 Rb8 14. Nd1 Nb6 15.
b3 Qd7 16. Ne3 Rbe8 17. Rae1 f5 18. e5 d5 19. d4 cxd4 20. Nxd4 c5 21. Nxe6 Qxe6
22. c4 d4 23. Nd1 Nd7 24. Nf2 Bd8 25. Nd3 g5 26. Bh2 Bc7 27. Qh5 h6 28. h4 Bd8
29. hxg5 hxg5 30. Rf3 Rf7 31. Rh3 Rg7 32. Rf1 Rf8 33. Qh6 Qxh6 34. Rxh6 Be7 35.
Ra6 g4 36. Bf4 Bg5 37. Rxa7 Bxf4 38. Rxf4 Re7 39. e6 Rxe6 40. Rxd7 1-0

[Event "2011-Erandio"]
[Site "Erandio"]
[Date "2011.12.21"]
[Round "6.1"]
[White "Gomez Esteban, Juan Mario"]
[Black "Galzagorri Uli, Yeray"]
[Result "1/2-1/2"]
[WhiteElo "2488"]
[BlackElo "2236"]
[PlyCount "48"]
[EventDate "2011.12.17"]

1. c4 e5 2. Nc3 Bb4 3. Nd5 Be7 4. d4 d6 5. e4 Nc6 6. Ne2 f5 7. exf5 Bxf5 8.
dxe5 dxe5 9. Ng3 Bg6 10. Bd3 Bxd3 11. Qxd3 Nf6 12. O-O O-O 13. Nf5 Nxd5 14.
cxd5 Nb4 15. Qe4 Bd6 16. Be3 Qd7 17. Ng3 a5 18. Rfd1 a4 19. Qc4 a3 20. b3 Ra5
21. Ne4 Qb5 22. Bd2 Qxc4 23. bxc4 Ra4 24. f3 Nd3 1/2-1/2

[Event "2011-Erandio"]
[Site "Erandio"]
[Date "2011.12.21"]
[Round "6.2"]
[White "Trigo Urquijo, Sergio"]
[Black "Prieto Aranguren, Alain"]
[Result "1-0"]
[WhiteElo "2230"]
[BlackElo "2234"]
[PlyCount "80"]
[EventDate "2011.12.17"]

1. d4 Nf6 2. c4 g6 3. Nc3 Bg7 4. e4 d6 5. Nf3 O-O 6. Be2 e5 7. O-O Na6 8. Re1
Qe8 9. Bf1 Bg4 10. d5 Nh5 11. a3 Nc5 12. Be3 Nf6 13. h3 Bxf3 14. Qxf3 Nb3 15.
Rab1 Nd7 16. Nb5 Qd8 17. Qd1 Ndc5 18. Bxc5 Nxc5 19. b4 Nd7 20. Nc3 f5 21. Rb3
a5 22. Qc2 axb4 23. axb4 f4 24. f3 Bf6 25. Nd1 Ra1 26. Qb2 Qa8 27. Qd2 Qa7+ 28.
Nf2 Rxe1 29. Qxe1 Bh4 30. Qd2 Ra8 31. Rb1 Nf6 32. Rd1 Nh5 33. Rc1 Qe3 34. Qxe3
fxe3 35. Ng4 Ra2 36. c5 e2 37. Bxe2 Rxe2 38. cxd6 cxd6 39. g3 Bxg3 40. Rc7 Nf4
1-0

[Event "2011-Erandio"]
[Site "Erandio"]
[Date "2011.12.21"]
[Round "6.4"]
[White "Diez Fraile, David"]
[Black "Rodriguez Gonzalez, Alex"]
[Result "1-0"]
[WhiteElo "2184"]
[BlackElo "2047"]
[PlyCount "59"]
[EventDate "2011.12.17"]

1. d4 d5 2. Nf3 Nc6 3. c4 Bg4 4. cxd5 Bxf3 5. gxf3 Qxd5 6. e3 e5 7. Nc3 Bb4 8.
Bd2 Bxc3 9. bxc3 exd4 10. cxd4 Nge7 11. Be2 O-O 12. h4 Rfe8 13. Qb3 Qf5 14. Kf1
Ng6 15. Qb5 Qc2 16. Qd3 Qa4 17. Bd1 Qa6 18. Qxa6 bxa6 19. Ba4 Nge7 20. Rc1 Red8
21. Bxc6 Rab8 22. Ke2 Rb2 23. Be4 f5 24. Bd3 Nd5 25. Bc4 Kf8 26. Bxd5 Rxd5 27.
Rxc7 Ra5 28. Rb1 Raxa2 29. Rxb2 Rxb2 30. Rxa7 1-0

[Event "2011-Erandio"]
[Site "Erandio"]
[Date "2011.12.21"]
[Round "6.5"]
[White "Bergara Ede, Josu"]
[Black "Arias Garcia, Luis Javier"]
[Result "0-1"]
[WhiteElo "1797"]
[BlackElo "2167"]
[PlyCount "64"]
[EventDate "2011.12.17"]

1. e4 c5 2. Nf3 Nc6 3. d4 cxd4 4. Nxd4 Nf6 5. Nc3 d6 6. Bc4 Qb6 7. Nxc6 bxc6 8.
O-O g6 9. e5 dxe5 10. Qe2 Qc7 11. f4 e4 12. Nxe4 Nxe4 13. Qxe4 Bg7 14. c3 Bf5
15. Qe2 O-O 16. Be3 e5 17. g4 exf4 18. Bxf4 Qb6+ 19. Be3 Bxg4 20. Bxb6 Bxe2 21.
Bxe2 axb6 22. a3 Be5 23. Bc4 Kg7 24. Rad1 Ra7 25. Rd3 Re8 26. Kg2 h5 27. Re3 f6
28. Rd1 Ree7 29. Rd8 b5 30. Be2 Bxh2 31. Rxe7+ Rxe7 32. Bxb5 Bc7 0-1

[Event "2011-Erandio"]
[Site "Erandio"]
[Date "2011.12.21"]
[Round "6.7"]
[White "Wu Martin, Eneko"]
[Black "Villanueva Arguinberri, Bruno"]
[Result "1-0"]
[WhiteElo "2104"]
[BlackElo "1914"]
[PlyCount "49"]
[EventDate "2011.12.17"]

1. e4 e6 2. d4 d5 3. e5 c5 4. c3 Nc6 5. Nf3 cxd4 6. cxd4 Qb6 7. Nc3 Bd7 8. Bd3
Nxd4 9. Nxd4 Qxd4 10. O-O Qxe5 11. Re1 Qb8 12. Qf3 Bd6 13. Nxd5 Kf8 14. Nf4 Nf6
15. Be4 Nxe4 16. Rxe4 Kg8 17. Nh5 f5 18. Qc3 e5 19. Qg3 Qf8 20. Bh6 f4 21. Qg5
Kf7 22. Bxg7 Qe7 23. Bf6 Qf8 24. Bxe5 Bxe5 25. Rxe5 1-0

[Event "2011-Erandio"]
[Site "Erandio"]
[Date "2011.12.22"]
[Round "7.1"]
[White "Galzagorri Uli, Yeray"]
[Black "Prieto Aranguren, Alain"]
[Result "0-1"]
[WhiteElo "2236"]
[BlackElo "2234"]
[PlyCount "61"]
[EventDate "2011.12.17"]

1. Nf3 Nf6 2. c4 g6 3. Nc3 Bg7 4. e4 d6 5. d4 O-O 6. Be2 e5 7. d5 Nbd7 8. Bg5
h6 9. Bh4 g5 10. Bg3 Nh5 11. h4 g4 12. Nh2 Nxg3 13. fxg3 h5 14. O-O f5 15. exf5
Nc5 16. b4 e4 17. Rc1 Na6 18. f6 Rxf6 19. Nxe4 Rxf1+ 20. Nxf1 Bf5 21. Ng5 Qf6
22. Kh2 Re8 23. Bd3 Bh6 24. Bxf5 Qxf5 25. Qd2 Bxg5 26. hxg5 Qe4 27. Qf4 Qxf4
28. gxf4 h4 29. g3 Re2+ 30. Kg1 hxg3 31. Nxg3 0-1

[Event "2011-Erandio"]
[Site "Erandio"]
[Date "2011.12.22"]
[Round "7.3"]
[White "Diez Fraile, David"]
[Black "Garrido Legarreta, Jose Javier"]
[Result "0-1"]
[WhiteElo "2167"]
[BlackElo "2488"]
[PlyCount "99"]
[EventDate "2011.12.17"]

1. d4 Nf6 2. Bg5 c5 3. Bxf6 gxf6 4. d5 Qb6 5. Qc1 f5 6. e3 Bg7 7. c3 d6 8. Nd2
Nd7 9. Nh3 h5 10. Be2 Ne5 11. Nf4 h4 12. O-O Rg8 13. Rb1 Qc7 14. c4 Bd7 15. b4
b6 16. Qc2 Bh6 17. Nf3 Nxf3+ 18. Bxf3 cxb4 19. Rxb4 a5 20. Rbb1 b5 21. Rfc1 Rc8
22. Be2 b4 23. Bd3 e6 24. dxe6 fxe6 25. Qe2 Bxf4 26. Qh5+ Ke7 27. exf4 Rh8 28.
Qg5+ Kf7 29. Be2 Qd8 30. Bh5+ Kf8 31. Qxd8+ Rxd8 32. Bf3 Rc8 33. a3 bxa3 34.
Ra1 Ke7 35. Rxa3 Rc5 36. Rd1 Rxc4 37. Rxa5 Rxf4 38. Ra7 Rc4 39. h3 Rhc8 40. Ra6
d5 41. Kh2 Rc2 42. Re1 R8c5 43. Be2 Rd2 44. Ra7 Kd6 45. Ra6+ Bc6 46. Bh5 Rxf2
47. Be8 Rcc2 48. Rg1 d4 49. Bxc6 Rxc6 50. Ra8 0-1

[Event "2011-Erandio"]
[Site "Erandio"]
[Date "2011.12.22"]
[Round "7.5"]
[White "Ruiz Abad, Juan Manuel"]
[Black "Wu Martin, Eneko"]
[Result "1-0"]
[WhiteElo "1876"]
[BlackElo "2104"]
[PlyCount "105"]
[EventDate "2011.12.17"]

1. e4 e5 2. Nf3 Nc6 3. Bb5 a6 4. Ba4 Nf6 5. O-O b5 6. Bb3 Be7 7. Qe2 O-O 8. c3
d5 9. d3 d4 10. h3 Bb7 11. Rd1 h6 12. Nbd2 Nh5 13. Nf1 Nf4 14. Qc2 Re8 15. Bxf4
exf4 16. cxd4 g5 17. d5 Na5 18. N1h2 Bf6 19. Rac1 c6 20. dxc6 Bxc6 21. Bxf7+
Kxf7 22. b4 Rc8 23. bxa5 Qxa5 24. Qb3+ Kg7 25. Ng4 b4 26. Nxf6 Ba4 27. Qd5 Qxd5
28. Nxd5 Bxd1 29. Rxd1 a5 30. Nd4 Rc5 31. f3 Kf7 32. Kf2 Rec8 33. Nb6 Rc2+ 34.
Nxc2 Rxc2+ 35. Kf1 Rxa2 36. d4 b3 37. Rb1 a4 38. d5 a3 39. Rxb3 Ra1+ 40. Kf2
Ra2+ 41. Kg1 Ra1+ 42. Kh2 a2 43. Ra3 Rb1 44. Ra7+ Kg6 45. Rxa2 Rxb6 46. Rc2 Rb1
47. Rc6+ Kg7 48. h4 Rd1 49. h5 Rd2 50. Rg6+ Kh7 51. d6 Re2 52. Re6 g4 53. d7
1-0

[Event "2011-Erandio"]
[Site "Erandio"]
[Date "2011.12.23"]
[Round "8.1"]
[White "Prieto Aranguren, Alain"]
[Black "Garrido Legarreta, Jose Javier"]
[Result "0-1"]
[WhiteElo "2234"]
[BlackElo "2060"]
[PlyCount "40"]
[EventDate "2011.12.17"]

1. d4 Nf6 2. c4 g6 3. Nf3 Bg7 4. Nc3 d5 5. Qb3 dxc4 6. Qxc4 O-O 7. e4 Na6 8.
Be2 c5 9. d5 e6 10. O-O exd5 11. exd5 Bf5 12. Be3 Qb6 13. b3 Qb4 14. Rac1 Nd7
15. Nb5 Bg4 16. h3 Bxf3 17. Bxf3 Ne5 18. Qxb4 Nxf3+ 19. gxf3 Nxb4 20. d6 b6 0-1

[Event "2011-Erandio"]
[Site "Erandio"]
[Date "2011.12.23"]
[Round "8.3"]
[White "Gomez Esteban, Juan Mario"]
[Black "Ruiz Abad, Juan Manuel"]
[Result "0-1"]
[WhiteElo "2488"]
[BlackElo "1876"]
[PlyCount "70"]
[EventDate "2011.12.17"]

1. d4 Nf6 2. Nf3 c5 3. d5 b5 4. c4 Bb7 5. Nfd2 Qa5 6. f3 e6 7. e4 bxc4 8. Bxc4
exd5 9. exd5 Bxd5 10. Bxd5 Nxd5 11. O-O Nc7 12. Nc3 Qa6 13. Re1+ Be7 14. Nb3 c4
15. Bf4 Ne6 16. Nd5 Bd8 17. Nc5 Qc6 18. Ne4 O-O 19. Bd6 Re8 20. Ba3 Na6 21. Rc1
Nac7 22. Nec3 Bg5 23. Rb1 Nf4 24. Nxf4 Bxf4 25. Qc2 d5 26. Qf5 Qh6 27. g3 Bd2
28. Rxe8+ Rxe8 29. Nxd5 Nxd5 30. Qxd5 Qe3+ 31. Kh1 Qd3 32. Qxd3 cxd3 33. Kg1
Re2 34. Rd1 Be3+ 35. Kf1 Rf2+ 0-1

[Event "2011-Erandio"]
[Site "Erandio"]
[Date "2011.12.23"]
[Round "8.6"]
[White "Llano Olabarrieta, Joseba"]
[Black "Rodriguez Gonzalez, Alex"]
[Result "1-0"]
[WhiteElo "1708"]
[BlackElo "2047"]
[PlyCount "87"]
[EventDate "2011.12.17"]

1. e4 c5 2. Nf3 a6 3. c4 Qc7 4. d4 cxd4 5. Nxd4 Nf6 6. Nc3 e5 7. Nc2 d6 8. Be2
b6 9. O-O Bb7 10. f3 Be7 11. Be3 Nbd7 12. Qd2 Nc5 13. Rfd1 Ne6 14. Rac1 g5 15.
Nb4 Nf4 16. Ncd5 N6xd5 17. cxd5 Qb8 18. Nc6 Bxc6 19. Rxc6 Bd8 20. Bf1 Ng6 21.
Bxg5 f6 22. Be3 Ne7 23. Rc2 Rg8 24. Qf2 Ra7 25. Rdc1 f5 26. Qh4 f4 27. Bf2 Qb7
28. Qh3 Ra8 29. Qxh7 Qd7 30. Bh4 Kf8 31. Bxe7+ Qxe7 32. Qxe7+ Kxe7 33. a4 Rh8
34. Rc8 Ra7 35. Rb8 Kd7 36. Rcc8 b5 37. Rc6 Rh6 38. axb5 axb5 39. Bxb5 Ke7 40.
g4 Ra1+ 41. Bf1 Rb1 42. Rb7+ Ke8 43. Rc8 Rh8 44. b4 1-0

[Event "2011-Erandio"]
[Site "Erandio"]
[Date "2011.12.23"]
[Round "8.8"]
[White "Perez Palma, Jesus Maria"]
[Black "Ostolozaga Barragan, Eneko"]
[Result "1/2-1/2"]
[WhiteElo "2010"]
[BlackElo "1644"]
[PlyCount "39"]
[EventDate "2011.12.17"]

1. c4 c6 2. Nc3 d5 3. cxd5 cxd5 4. d4 Nc6 5. Nf3 Nf6 6. g3 g6 7. Bg2 Bg7 8. O-O
O-O 9. Qb3 Bg4 10. Be3 Na5 11. Qb4 Nc4 12. Nxd5 Nxd5 13. Qxc4 Nxe3 14. fxe3 Qb6
15. h3 e5 16. Rad1 e4 17. Ng5 Rac8 18. Qd5 Rcd8 19. Qc4 Rc8 20. Qd5 1/2-1/2

[Event "2011-Erandio"]
[Site "Erandio"]
[Date "2011.12.23"]
[Round "8.9"]
[White "Wu Martin, Eneko"]
[Black "Lopez De Castro, Joseph"]
[Result "1-0"]
[WhiteElo "2104"]
[BlackElo "1852"]
[PlyCount "51"]
[EventDate "2011.12.17"]

1. e4 e5 2. f4 exf4 3. Nf3 Be7 4. Bc4 Nf6 5. e5 Ng4 6. O-O Nc6 7. d4 d5 8. Bd3
Ne3 9. Bxe3 fxe3 10. Qe1 Be6 11. Qxe3 Qd7 12. c3 O-O-O 13. b4 Rde8 14. Nbd2 Bf5
15. Nb3 Bxd3 16. Qxd3 Nd8 17. a4 Qc6 18. Nfd2 f6 19. b5 Qe6 20. Rae1 Qd7 21. c4
fxe5 22. Rxe5 dxc4 23. Qxc4 c6 24. bxc6 Qxc6 25. Qd3 Bd6 26. Rc1 1-0